| 000 | 00491nam a2200145 a 4500 | ||
|---|---|---|---|
| 008 | 120416s1977 ||||||||||||||||| || u | ||
| 050 | _aHF 5415.3 Rey | ||
| 100 | _aReynolds, Fred D | ||
| 245 | 1 | 0 | _aConsumer behaviour |
| 246 | _aFred D. Reynoldss | ||
| 260 |
_aNew York _bMcGraw-Hill _c1977 |
||
| 300 | _ax, 422p. | ||
| 350 | _a0.00 | ||
| 995 |
_D0.00 _FCBU-MAIN LIBRARY (Kitwe) _H1 _I0.00 _UAVAILABLE _ZMain Library Open Access Collection |
||
| 999 |
_c38588 _d38588 |
||